[Event "Prague Summer op-B 2nd"]
[Site "Prague"]
[Date "2015.08.13"]
[Round "8"]
[White "Tengis, Boldbaatar"]
[Black "Heigerer, Stefan"]
[Result "1-0"]
[WhiteElo "1598"]
[BlackElo "2002"]
[PlyCount "81"]
[EventDate "2015.08.07"]
[EventType "swiss"]
[EventRounds "9"]
[EventCountry "CZE"]
[SourceTitle "EXT 2017"]
[Source "ChessBase"]
[SourceDate "2016.10.25"]
[SourceVersion "1"]
[SourceVersionDate "2016.10.25"]
[SourceQuality "1"]

1. e4 c5 2. Nf3 d6 3. d4 cxd4 4. Nxd4 Nf6 5. Nc3 a6 6. Be3 e5 7. Nb3 Be6 8. Qd2 Be7 9. 0-0-0 Ng4 10. Kb1 Nxe3 11. Qxe3 0-0 12. g3 Nd7 13. f4 b5 14. f5 Bc4 15. h4 Rc8 16. g4 Nb6 17. g5 f6 18. Rg1 b4 19. Nd5 Bxd5 20. exd5 Qc7 21. Bxa6 Qxc2+ 22. Ka1 Na4 23. Rd2 Qxf5 24. Bxc8 Qxc8 25. Qa7 Qe8 26. Rc2 fxg5 27. Rc7 Rf7 28. hxg5 g6 29. Qa6 Kg7 30. Rc8 Qd7 31. Qa8 Bf8 32. Qc6 Qa7 33. Rc1 Nxb2 34. Kxb2 Rf2+ 35. Rc2 Qa3+ 36. Kb1 Rf1+ 37. Rc1 Rf2 38. Qd7+ Rf7 39. Qxf7+ Kxf7 40. Rf1+ Ke7 41. Rcxf8 1-0

[Event "Prague Summer op-B 2nd"]
[Site "Prague"]
[Date "2015.08.10"]
[Round "5"]
[White "Tikka, Erkki"]
[Black "Heigerer, Stefan"]
[Result "0-1"]
[WhiteElo "1816"]
[BlackElo "2002"]
[PlyCount "98"]
[EventDate "2015.08.07"]
[EventType "swiss"]
[EventRounds "9"]
[EventCountry "CZE"]
[SourceTitle "EXT 2017"]
[Source "ChessBase"]
[SourceDate "2016.10.25"]
[SourceVersion "1"]
[SourceVersionDate "2016.10.25"]
[SourceQuality "1"]

1. e4 b6 2. d4 Bb7 3. Nc3 e6 4. Nf3 Bb4 5. Bd3 Nf6 6. Bg5 h6 7. Bxf6 Qxf6 8. a3 Bxc3+ 9. bxc3 c5 10. 0-0 0-0 11. Rb1 cxd4 12. cxd4 Nc6 13. c3 Rfc8 14. Qd2 Na5 15. Rb4 Rc7 16. Ne5 Rac8 17. Rc1 d6 18. Ng4 Qh4 19. f3 Nc4 20. Bxc4 Rxc4 21. Rxc4 Rxc4 22. Ne3 Ra4 23. Qb2 Qg5 24. Re1 Qa5 25. Ra1 Ba6 26. Nc2 Be2 27. Nb4 Qb5 28. Qd2 Bc4 29. Qc1 Bb3 30. Qd2 Bc4 31. Qc1 e5 32. d5 Qc5+ 33. Kh1 Bb5 34. Qb2 a5 35. Nc2 Rc4 36. a4 Bxa4 37. Ne1 Qe3 38. h3 b5 39. Rc1 b4 40. Ra1 bxc3 41. Qb8+ Kh7 42. Qxd6 Qf4 43. Nd3 Qg3 44. Qxe5 Qxe5 45. Nxe5 Rd4 46. Nc6 Bxc6 47. dxc6 c2 48. Kh2 Rd1 49. Rc1 Rxc1 0-1

[Event "Neumarkt am Wallersee op 10th"]
[Site "Neumarkt am Wallersee"]
[Date "2011.08.21"]
[Round "2"]
[White "Mathe, Gaspar"]
[Black "Heigerer, Stefan"]
[Result "1-0"]
[WhiteElo "2344"]
[BlackElo "1955"]
[PlyCount "87"]
[EventDate "2011.08.20"]
[EventType "swiss"]
[EventRounds "9"]
[EventCountry "AUT"]
[SourceTitle "CBM 144 Extra"]
[Source "ChessBase"]
[SourceDate "2011.10.28"]
[SourceVersion "1"]
[SourceVersionDate "2011.10.28"]
[SourceQuality "1"]

1. e4 e5 2. Nf3 Nc6 3. Bb5 a6 4. Ba4 Nf6 5. 0-0 Nxe4 6. d4 b5 7. Bb3 d5 8. dxe5 Be6 9. c3 Bc5 10. Nbd2 0-0 11. Qe2 Bf5 12. Nxe4 dxe4 13. Ng5 Qe7 14. e6 fxe6 15. Nxe4 Bb6 16. Ng3 Kh8 17. Be3 Rae8 18. a4 Na5 19. Bd1 Qd7 20. Bxb6 Bd3 21. Qh5 cxb6 22. Re1 Nc4 23. axb5 axb5 24. b3 Bg6 25. Qg5 Nd6 26. h4 Qc6 27. Qe5 Nf7 28. Qe3 Nd6 29. Bf3 Qc7 30. h5 Bc2 31. h6 gxh6 32. Qe5+ Kg8 33. Nh5 Qe7 34. Qg3+ Bg6 35. Nf4 Nf5 36. Nxg6 Qg7 37. Qe5 Qxg6 38. Re4 Qf6 39. Ra6 Rc8 40. Rxb6 Rxc3 41. Rg4+ Ng7 42. Rxe6 Qxe5 43. Rxe5 Rb8 44. Re7 1-0

[Event "Neumarkt am Wallersee op 09th"]
[Site "Neumarkt am Wallersee"]
[Date "2010.08.26"]
[Round "6"]
[White "Heigerer, Stefan"]
[Black "Winiwarter, Felix"]
[Result "0-1"]
[WhiteElo "1998"]
[BlackElo "2154"]
[PlyCount "52"]
[EventDate "2010.08.21"]
[EventType "swiss"]
[EventRounds "9"]
[EventCountry "AUT"]
[SourceTitle "CBM 138 Extra"]
[Source "ChessBase"]
[SourceDate "2010.10.29"]
[SourceVersion "1"]
[SourceVersionDate "2010.10.29"]
[SourceQuality "1"]

1. e4 c5 2. Nf3 Nc6 3. d4 cxd4 4. Nxd4 Nf6 5. Nc3 e5 6. Ndb5 d6 7. Bg5 a6 8. Na3 b5 9. Bxf6 gxf6 10. Nd5 Bg7 11. c3 0-0 12. Bd3 Ne7 13. Qh5 Re8 14. Nxe7+ Rxe7 15. 0-0 f5 16. Rad1 f4 17. Rd2 Re6 18. Rfd1 Rg6 19. h3 f3 20. Qxf3 Bh6 21. Bf1 Bxd2 22. Rxd2 Bb7 23. Nc2 Qh4 24. Bd3 Rf8 25. Ne3 f5 26. Nxf5 Qg5 0-1